Ako a prečo vznikla predchodkyňa Slovenskej ekonomickej knižnice?

Stručná charakteristika histórie budovania predchodkyne Slovenskej ekonomickej knižnice - Ústrednej knižnice Slovenskej vysokej školy obchodnej. Nariadenie Slovenskej národnej rady zo 7. novembra 1945 o utvorení Slovenskej vysokej školy obchodnej (SVŠO) obsahovalo požiadavku zriadiť na škole ústredn...

Descrizione completa

Salvato in:
Dettagli Bibliografici
Autore principale: Mártonová, Renáta
Natura: Capitolo di libro
Lingua:slovacco
inglese
Soggetti:
Tags: Aggiungi Tag
Nessun Tag, puoi essere il primo ad aggiungerne!!

MARC

LEADER 00000naa$a2200000$$$4500
001 0039185
005 20240502071502.8
041 0 |a slo 
041 0 |a eng 
044 |a SK 
245 1 0 |a Ako a prečo vznikla predchodkyňa Slovenskej ekonomickej knižnice?  |c Renáta Mártonová 
520 |a Stručná charakteristika histórie budovania predchodkyne Slovenskej ekonomickej knižnice - Ústrednej knižnice Slovenskej vysokej školy obchodnej. Nariadenie Slovenskej národnej rady zo 7. novembra 1945 o utvorení Slovenskej vysokej školy obchodnej (SVŠO) obsahovalo požiadavku zriadiť na škole ústrednú knižnicu. V súčasnosti Slovenská ekonomická knižnica v zmysle zákona č. 183/2000 Z..z. o knižniciach plní funkciu akademickej, univerzitnej knižnice Ekonomickej univerzity v Bratislave. 
610 2 0 |a Slovenská ekonomická knižnica Ekonomickej univerzity v Bratislave 
610 2 0 |a knižnice 
610 2 0 |a školy vysoké 
610 2 0 |a história 
610 2 0 |a 1945-2005 
100 1 |a Mártonová, Renáta